00542nam a22001697a 450000500170000001000150001702000260003203500140005803700130007208200140008510000180009924500820011726000450019927000660024430000160031050000460032620180129130110.0 aENG-122164 a9780199477562c995.00 aEN-105696 bDBAD/PUB a305.50954 aSharma, Mukul aCaste & Nature :cby Mukul Sharmabdalits and indian environmental politics / aNew DelhibOxford University Pressc2017 a2/11 Ground Floor, Ansari Road, Daryaganj bNew Delhie110002 a296p.c24cm aincludes Bibliography reference and index